000 00314nam a22001217a 4500
020 _a9788172336639
082 _a631.521
_bVAN/SE
100 _aVanangamudi. K
_9291
245 _aSeed Quality Enhancement: Principles and Practices
260 _aNew Delhi
_bScientific Publishers
_c2013
300 _a485
942 _cBK
999 _c14227
_d14227